| 000 | 00456nam a2200157 4500 | ||
|---|---|---|---|
| 001 | 120343 | ||
| 003 | ES-MaACL | ||
| 005 | 20230906191527.0 | ||
| 007 | t| | ||
| 008 | 070214s1974 sp r ||||1| spa d | ||
| 245 | 0 | 0 |
_aPoesía surrealista en España / _cantología, reportaje y notas de Pablo Corbalán. |
| 260 |
_aMadrid : _bCentro, _c1974. |
||
| 300 |
_a405 p. ; _c21 cm. |
||
| 700 | 0 |
_aCorbalán, Pablo. _940449 |
|
| 852 |
_aES-MaACL _jE-5524 _bR.89953 |
||
| 999 |
_c120343 _d120343 |
||